A preliminary investigation into the relationship between latex invertase and latex vessel plugging in Hevea brasiliensis (Record no. 53507)

MARC details
000 -LEADER
fixed length control field 00570nam a2200181Ia 4500
100 ## - MAIN ENTRY--AUTHOR NAME
Personal name Yeang H Y
245 #2 - TITLE STATEMENT
Title A preliminary investigation into the relationship between latex invertase and latex vessel plugging in Hevea brasiliensis
260 ## - PUBLICATION, DISTRIBUTION, ETC. (IMPRINT)
Name of publisher Journal of the Rubber Research Institute of Malaysia
Year of publication 1984
300 ## - PHYSICAL DESCRIPTION
Number of Pages 50-62
650 ## - SUBJECT ADDED ENTRY--TOPICAL TERM
Topical Term Hevea brasiliensis
650 ## - SUBJECT ADDED ENTRY--TOPICAL TERM
Topical Term Latex vessel plugging
700 ## - ADDED ENTRY--PERSONAL NAME
Personal name Gomez J B
700 ## - ADDED ENTRY--PERSONAL NAME
Personal name Low F C
700 ## - ADDED ENTRY--PERSONAL NAME
Personal name Paranjothy K
700 ## - ADDED ENTRY--PERSONAL NAME
Personal name Sivakumaran S
942 ## - ADDED ENTRY ELEMENTS (KOHA)
Koha item type Journals
Holdings
Withdrawn status Lost status Damaged status Not for loan Home library Current library Shelving location Date acquired Serial Enumeration / chronology Koha item type
      Journals RRII Library RRII Library Rubber chemistry 17/12/2021 Volume 32, Issue 1 Journals